000 00569nam a22002057a 4500
005 20170124110019.0
010 _aA-258279
020 _c00.00
_a0041490622
035 _aA-258279
037 _bCen Lib/Ret
040 _aDPL
_bEN
082 _a613.7
_bIYE
100 _aIyengar, B K S
_919223
245 _aThe art of yoga /
_cby B K S Iyengar
260 _bUnwin Paperbacks
_c1985
_aLondon
270 _a40 Museum Street
_bLondon
300 _axv,128p. :
_c24cm(Hb)
_bill.
650 _aPhysical fitness.
_919224
942 _2ddc
_cEN
_h613.7
_mIYE
999 _c127044
_d127044